Pole-Positions in der Formel 1 seit 2000 - Statistiken

Allgemein
  • Dieses Quiz wurde 85 mal gespielt
    7 seit der letzten Aktualisierung
  • Das Durchschnittsergebnis liegt bei 24 aus 33
Antwortstatistiken
Poles Fahrer Jahre % Korrekt
27 Charles Leclerc 2019-2025
100%
16 Lando Norris 2021-2025
100%
104 Lewis Hamilton 2007-2023
100%
48 Max Verstappen 2019-2025
100%
45 Michael Schumacher 2000-2006
100%
30 Nico Rosberg 2012-2016
100%
6 Oscar Piastri 2025
100%
6 Ralf Schumacher 2001-2005
100%
3 Andrea Kimi Antonelli 2026
86%
6 Carlos Sainz 2022-2024
86%
22 Fernando Alonso 2003-2012
86%
9 George Russell 2022-2026
86%
57 Sebastian Vettel 2008-2019
86%
3 Giancarlo Fisichella 2005-2009
71%
1 Kevin Magnussen 2022
71%
18 Kimi Räikkönen 2003-2018
71%
13 Mark Webber 2009-2013
71%
5 Mika Häkkinen 2000
71%
12 Rubens Barrichello 2000-2009
71%
3 Sergio Perez 2022-2023
71%
3 Daniel Ricciardo 2016-2018
57%
4 David Coulthard 2000-2001
57%
16 Felipe Massa 2006-2014
57%
1 Heikki Kovalainen 2008
57%
8 Jenson Button 2004-2012
57%
13 Juan Pablo Montoya 2001-2005
57%
1 Lance Stroll 2020
57%
1 Nico Hülkenberg 2010
57%
1 Robert Kubica 2008
57%
20 Valtteri Bottas 2017-2021
57%
4 Jarno Trulli 2004-2009
43%
1 Nick Heidfeld 2005
43%
1 Pastor Maldonado 2012
29%
Keine übereinstimmenden Quizze gefunden
Verteilung der Resultate
Anzahl Personen mit jedem Resultat
Perzentil nach korrekt beantworteten Fragen
Ihre Resultats-Entwicklung
Sie haben dieses Quiz seit der letzten Aktualisierung nicht gespielt